000 00566nam a2200193 a 4500
005 20230513063605.0
008 991125s1930 rei 000 0 eng u
035 _aUPN01000007587
049 _aCE
050 4 _aBV1475 M6.2
100 1 _aMontessori, María,
_d1870-1952
245 1 4 _aThe child in the church :
_bessays on the religious... /
_cMaría Montessori
260 _aReino Unido :
_bSands,
_c1930
300 _axix, 191 p.
650 4 _aEducación religiosa de niños
_99232
650 4 _aMétodo Montessori
_94100
904 _aAC
_b007587
905 _aLibro
999 _c7587
_d7587